| 000 | 01052nam a2200253 a 4500 | ||
|---|---|---|---|
| 001 | 83712 | ||
| 003 | BD-RjUL | ||
| 005 | 20240509132636.0 | ||
| 008 | 240509s1996 bg a|||| m||| 00| 0 eng d | ||
| 035 | _a(BD-RjUL)83712 | ||
| 040 |
_aBD-RjUL _beng _cBD-RjUL _dBD-RjUL |
||
| 041 | _aeng | ||
| 082 |
_223 _a584.92 _bMAS 1996 |
||
| 100 |
_aMannan, Shaikh Abdul _912947 |
||
| 245 | 1 | 0 |
_aSelection of Potential Crosses for High Yield and Against White Leaf Disease of Sugarcane (Saccharum Officinarum) / _cBy Shaikh Abdul Mannan ; _6(1). Supervisor : M. I. Zuberi, (2). Supervisor : M. Nurul Amin |
| 260 |
_aRajshahi : _bInstitute of Biological Sciences, University of Rajshahi, _c1996 |
||
| 300 |
_a[13], 234 Leaves : _bill, ; _c29 cm. |
||
| 502 | _aThesis (Ph. D.) -- Institute of Biological Sciences, University of Rajshahi, 1996 | ||
| 504 | _aBibliography : Leaves 212-234 | ||
| 650 |
_aSugarcane _vDisease _xPotential _912951 |
||
| 700 |
_aZuberi, (1). M. I. Supervisor _912949 |
||
| 700 |
_aAmin, (2). M. Nurul, Supervisor _912950 |
||
| 942 |
_2ddc _cTHE |
||
| 999 |
_c83712 _d83712 |
||